| 000 | 00684nam a22001577a 4500 | ||
|---|---|---|---|
| 003 | OSt | ||
| 005 | 20160229142059.0 | ||
| 008 | 160229b xxu||||| |||| 00| 0 eng d | ||
| 040 | _cRUA | ||
| 082 | _aVEM SUM 2014 B441 Or.1 | ||
| 100 |
_97611 _aSUM MUNY; ស៊ុំ មុន្នី |
||
| 245 | _aStudy on epidemiology of fasiolosis in cattle at ponhea leu district, kandal province, ការសិក្សាពីកម្រិតរាលដាលរបស់ហ្វាស្យូូឡាលើគោ ក្នុងស្រុកពញាឭ ខេត្តកណ្ដាល | ||
| 260 |
_aPhnom Penh _bRUA _c2014 |
||
| 300 |
_aix ; 39p. _bill. _c29cm. |
||
| 942 |
_2ddc _cVTF` |
||
| 999 |
_c7210 _d7210 |
||